Juicio crítico sobre la labor educativa durante la administración del Lic. Gustavo Díaz Ordaz : 1965-1970.

Guardado en:
Bibliografiske detaljer
Institution som forfatter: Centro de Estudios Educativos (México)
Andre forfattere: Muñoz Batista, Jorge coaut (autor) coaut, (autor)
Format: Ukendt
Sprog:spansk
Fag:
Online adgang:Ver documento en línea
Tags: Tilføj Tag
Ingen Tags, Vær først til at tagge denne postø!

MARC

LEADER 00000c**#a2200000ua#4500
001 000498750
003 DLC
005 20260416000000.0
008 070820c^^^^9999^^^^r1^^^^^^^^0^^^^0spa^d
009 20260416093950.306
022 |a 01851284 
035 |a FCE 000042792 
037 |a Acervo ITESO - Biblioteca 
041 |a spa 
095 |a RLEE  |b 71-1-121 
110 |a Centro de Estudios Educativos (México) 
245 1 0 |a Juicio crítico sobre la labor educativa durante la administración del Lic. Gustavo Díaz Ordaz :  |b 1965-1970. 
264 |a México :  |b Centro de Estudios Educativos,  |c 1971. 
336 |a texto  |b txt  |2 rdacontenido 
337 |a sin mediación  |b n  |2 rdamedio 
338 |a volumen  |b nc  |2 rdasoporte 
649 |a XX 
650 |a Díaz Ordaz, Gustavo 
650 |a Crítica 
650 |a Educación 
650 |a Informe de gobierno 
650 |a Políticas de educación 
650 |a México 
740 |g vol. 1, no.1, 1971, pp. 121-127  |t Revista Latinoamericana de Estudios Educativos. Informes y documentos, 
700 |a Muñoz Batista, Jorge  |e coaut  |e (autor) 
856 4 0 |u https://www.cee.edu.mx/rlee/revista/r1971_1980/r_texto/t_1971_1_05.pdf  |y Ver documento en línea 
910 |a Fondo Centro de Estudios Educativos 
920 |a Impresos - Libros 
930 |a Fondos Especiales 
905 |a 133 
902 |a https://opac.biblio.iteso.mx/vufind/Record/000498750